Proč mohou být karty ekologickou zátěží?

Platobné karty a ochrana životného prostredia. Porovnanie hliníku a plastu v rámci rozkladu a hmotnosti. Opis vlastností ekologickej karty Mastercard. Motivácia zo strany banky používať digitalizované platobné karty.

Uložené v:
Podrobná bibliografia
Hlavný autor: Sobková, Martina
Médium: Kapitola
Jazyk:Czech
Predmet:
Tagy: Pridať tag
Žiadne tagy, Buďte prvý, kto otaguje tento záznam!

MARC

LEADER 00000naa a2200000 4500
001 0259293
005 20221104110543.6
041 0 |a cze 
044 |a CZ 
245 1 0 |a Proč mohou být karty ekologickou zátěží?  |c Martina Sobková 
520 |a Platobné karty a ochrana životného prostredia. Porovnanie hliníku a plastu v rámci rozkladu a hmotnosti. Opis vlastností ekologickej karty Mastercard. Motivácia zo strany banky používať digitalizované platobné karty. 
610 2 0 |a karty platobné 
610 2 0 |a plasty 
610 2 0 |a prostredie životné 
610 2 0 |a ochrana prírody 
610 2 0 |a technológie nové 
100 1 |a Sobková, Martina